| 000 | 01810nam a22003377a 4500 | ||
|---|---|---|---|
| 001 | 295 | ||
| 003 | FISKH | ||
| 005 | 20230316165820.0 | ||
| 008 | 230316b cb ||||| |||| 00| 0 eng d | ||
| 020 | _a9781405259484 | ||
| 040 |
_aBTCTA _beng _cBTCTA _dSINLB _dUKMGB _dNLE _dBDX _dOCLCO _dPRKLDDLC _dDLC _dFISKH |
||
| 042 | _alccopycat | ||
| 050 | 0 | 0 |
_aPZ7.W3695 _bDu 2011 |
| 082 | 0 | 0 |
_aPZ7 _223 |
| 100 | 1 | _aWebb, Josh. | |
| 245 | 1 | 0 |
_aDudley's muddley day / _cJosh Webb ; illustrated by Gabriele Antonini. |
| 260 |
_aLondon : _bEgmont, _c2011. |
||
| 300 |
_a48 p. : _bcol. ill. ; _c22 cm. |
||
| 490 | 0 | _aRed bananas | |
| 505 | _aK | ||
| 520 | _aThe first in a new Bananas mini-series about the world of Silly Safari, where lots of animals live and have adventures together, this is a charming story about making mistakes and being a good friend Little Dudley the terrapin has heard that Joe the bear cub feels under the weather. He thinks that means he's literally under a rain cloud, and is worried about it happening to him too--so he hides in his shell. But his friend Minnie the elephant persuades him to go and cheer Joe up. Along the way they meet grumpy, but funny, Ella the parrot and Leo the silly hippo, who add to the confusion. It is only when they see hypochondriac Ava the giraffe and find Joe the bear in his lair that all becomes clear to Dudley. He feels very foolish, but his friends show him that it doesn't matter--his heart was in the right place. | ||
| 521 | 8 |
_a600
_bLexile |
|
| 521 | 8 |
_aK
_bRaz-Plus |
|
| 650 | 0 |
_aTurtles _vJuvenile fiction. |
|
| 650 | 0 |
_aWeather _vJuvenile fiction. |
|
| 650 | 0 |
_aIdioms _vJuvenile fiction. |
|
| 655 | 0 | _aChildren's stories. | |
| 700 | 1 |
_aAntonini, Gabriele. _eill. |
|
| 906 |
_a7 _bcbc _ccopycat _d2 _encip _f20 _gy-gencatlg |
||
| 942 |
_2ddc _cBK _n0 |
||
| 999 |
_c295 _d295 |
||